MARC details
| 000 -LEADER |
| fixed length control field |
01526cam a2200325u 4500 |
| 001 - CONTROL NUMBER |
| control field |
5849637 |
| 003 - CONTROL NUMBER IDENTIFIER |
| control field |
BDDh-ASL |
| 005 - DATE AND TIME OF LATEST TRANSACTION |
| control field |
20231015030300.0 |
| 008 - FIXED-LENGTH DATA ELEMENTS--GENERAL INFORMATION |
| fixed length control field |
900508m19691907enk 000 0 eng |
| 010 ## - LIBRARY OF CONGRESS CONTROL NUMBER |
| LC control number |
01001558 |
| 040 ## - CATALOGING SOURCE |
| Original cataloging agency |
DLC |
| Transcribing agency |
DLC |
| Modifying agency |
DLC |
| -- |
BDDh-ASL |
| 041 1# - LANGUAGE CODE |
| Language code of text/sound track or separate title |
eng |
| Language code of original |
pli |
| 050 00 - LIBRARY OF CONGRESS CALL NUMBER |
| Classification number |
BL1411.J3 |
| Item number |
E4 |
| 051 ## - LIBRARY OF CONGRESS COPY, ISSUE, OFFPRINT STATEMENT |
| Classification number |
Microfilm 32267 BL |
| 082 ## - DEWEY DECIMAL CLASSIFICATION NUMBER |
| Classification number |
922.0943 |
| Item number |
COJ |
| 130 0# - MAIN ENTRY--UNIFORM TITLE |
| Uniform title |
Tipiṭaka. |
| Name of part/section of a work |
Suttapiṭaka. |
| -- |
Khuddakanikāya. |
| -- |
Jātaka. |
| Language of a work |
English. |
| 245 14 - TITLE STATEMENT |
| Title |
The Jātaka; or, Stories of the Buddha's former births, Vol.-3 / |
| Statement of responsibility, etc. |
Translated from the Pāli by various hands under the editorship of Professor E.B. Cowell ... |
| 260 ## - PUBLICATION, DISTRIBUTION, ETC. |
| Place of publication, distribution, etc. |
Cambridge [Eng.] |
| -- |
London: |
| Name of publisher, distributor, etc. |
University press, |
| -- |
Pali Text Society, Luzac & Company Ltd., |
| Date of publication, distribution, etc. |
1895-1907. |
| -- |
1969. |
| 300 ## - PHYSICAL DESCRIPTION |
| Extent |
320 p. : |
| Dimensions |
22 cm. |
| 500 ## - GENERAL NOTE |
| General note |
Supplemented by: "Index volume" (2 p.l., 63, [1] p. 26 cm.) published: Cambridge [Eng.] The University press, 1913. Call number: BL1411.J3E4 Index. |
| 583 ## - ACTION NOTE |
| Action |
Replace; |
| Institution to which field applies |
DLC |
| 650 #0 - SUBJECT ADDED ENTRY--TOPICAL TERM |
| 9 (RLIN) |
3606 |
| Topical term or geographic name entry element |
Buddha |
| 700 1# - ADDED ENTRY--PERSONAL NAME |
| Personal name |
Cowell, Edward B. |
| Fuller form of name |
(Edward Byles), |
| Dates associated with a name |
1826-1903, |
| Relator term |
ed. |
| 700 1# - ADDED ENTRY--PERSONAL NAME |
| Personal name |
Chalmers, Robert, |
| Titles and other words associated with a name |
Sir, |
| Dates associated with a name |
1858- |
| 700 1# - ADDED ENTRY--PERSONAL NAME |
| Personal name |
Rouse, W. H. D. |
| Fuller form of name |
(William Henry Denham), |
| Dates associated with a name |
1863-1950. |
| 700 1# - ADDED ENTRY--PERSONAL NAME |
| Personal name |
Francis, H. T. |
| Fuller form of name |
(Henry Thomas), |
| Dates associated with a name |
1837-1924. |
| 700 1# - ADDED ENTRY--PERSONAL NAME |
| Personal name |
Neil, Robert Alexander, |
| Dates associated with a name |
1852-1901. |
| 906 ## - LOCAL DATA ELEMENT F, LDF (RLIN) |
| a |
0 |
| b |
cbc |
| c |
premunv |
| d |
u |
| e |
ncip |
| f |
19 |
| g |
y-gencatlg |
| 942 ## - ADDED ENTRY ELEMENTS (KOHA) |
| Source of classification or shelving scheme |
Dewey Decimal Classification |
| Koha item type |
Books |